000 00385nam a22001697a 4500
005 20160623104833.0
008 160623b xxu||||| |||| 00| 0 eng d
020 _a978-81-203-3383-3
041 _aeng
082 _b9284
100 _aMajumdar, Ramanuj
_91524
245 _aProduct Management in India
260 _bPHI
300 _a423
650 _aManagement
_9241
942 _cBK
999 _c3634
_d3633